000 00484nam a2200169 i 4500
001 146441
003 ES-MaACL
005 20230906201532.0
007 t|
008 070910s1923 uy ||||1| spa d
080 _a9(899 M.)"15"
100 1 _aTravieso, Carlos.
_9111258
245 1 0 _aMontem VĂ­deo!
_b: origen del nombre de Montevideo /
_cCarlos Travieso.
260 _aMontevideo :
_b[s.n.],
_c1923 (
_fImp. Latina)
300 _a62 p. ;
_c23 cm.
852 _aES-MaACL
_j1656-F-8
999 _c146441
_d146441